| 000 | 00658nam a22002057a 4500 | ||
|---|---|---|---|
| 003 | 0 | ||
| 005 | 20250121150153.0 | ||
| 008 | 250121b xxu||||| |||| 00| 0 eng d | ||
| 020 | _a978-64728-588-3 | ||
| 050 |
_aHM 851 _b.Ch46 2024 |
||
| 100 | _aChapman, Reuben | ||
| 245 |
_aManagemement of electronic and digital media _cChapman, Reuben |
||
| 260 |
_aNew York City _bWilford Press _c2024 |
||
| 300 |
_avi, 181 pages : _bcolored illustrations and pictures ; _c27cm. |
||
| 504 | _aIncludes bibliographical references and index. | ||
| 650 | _aDigital media. | ||
| 650 | _aDigital communications. | ||
| 650 | _aOnline journalism. | ||
| 942 |
_2lcc _cBK |
||
| 999 |
_c367042 _d367042 |
||